000 00490nam a22001577a 4500
999 _c168210
_d168210
005 20211211140918.0
010 _aB-158840, B-158844
035 _aB-158840,B-158844
100 _aJafar Mahmud
245 _aIntroduction To Psychology
_cJafar Mehmud
260 _aNew Delhi
_bA.P.H. Publishing Corporation
_c2004
270 _a5, Ansari Road Darya Ganj
_bNew Delhi
_e110002
_k011-23274050
_maph@mantraonline.com
300 _a315p.
_c22c.m.
942 _2ddc
_cEN
_k150
_mJAF